000 00818nam a2200229Ii 4500
003 JO-AjNU
008 230605s9999||||xx |||||||||||||| ||und||
017 _a2015/5/2106
020 _a978-9957-571-70-2
040 _aJO-AjNU
_bara
_erda
_cJO-AjNU
041 _aara
050 1 4 _aBP161.2.J365 2015
100 3 _aأعضاء المجلس العلمي لمركز العلامة فضل عباس للدراسات القرآنية,
_eauthor
_950897
245 0 0 _aمدارج الصائمين
250 _aط1
264 3 1 _aعمان: منشورات جمعية المحافظة على القرآن الكريم، 2015
300 _a163ص
336 _atext
_btxt
_2rdacontent
337 _aunmediated
_bn
_2rdamedia
338 _avolume
_bnc
_2rdacarrier
650 4 _aالاسلام- الصوم- متفرقات
_950898
999 _aA22449
_c26017
_d26017